000 00993nam a2200301 i 4500
003 EG-GICUC
005 20260212185212.0
008 260212s1928 fr ||||fr ||| 000 0 fre d
040 _aEG-GICUC
_bfre
_cEG-GICUC
_dEG-GICUC
_erda
041 _afre
082 0 4 _221
_a341.8
_bCA . T
092 0 4 _221
099 _aLaw1 12 341.8 CA . T 1928
100 1 _aCapitant, Maurice
_eAuteur
245 1 4 _aLes Traités De Droit Privé :
_bDans Leur Application Aux Nationaux Des Tiers États /
_cPar Maurice Capitant.
264 1 _aParis :
_bLibrairie Dalloz,
_c1928.
300 _a227 Pages ;
_c30 cm.
_billustration ;
336 _atext
_2rda content
337 _aComputer
_2rda media
338 _aOnline Resource
_2rda carrier
504 _aBibliography: pages 200-250. 240-220
546 _aTexte en français
650 0 4 _aDroit international privé
_2qrmak
651 1 _2qrmak
856 _uhttps://fll.law.cu.edu.eg/fulltext/th/B12-02733.pdf
905 _a79
942 _2ddc
_cBK
_e21
_n0
999 _c62949
_d62949